Регионална библиотека "Любен Каравелов" - Русе

Вагнеровият репертоар и българските оперни певци. Изпълнителски предизвикателства (Запис номер 178178)

MARC детайли
000 -Лидер
Контролно поле с фиксирана дължина 02014nam a2200445 a 4500
003 - Код на организацията, давaща контролен номер
Контролно поле BLK
005 - Дата и час на последна редакция
Контролно поле 20240319005411.0
008 - Елементи от данни с фиксирана дължина
fixed length control field 180411b bul|||||r ||||||| ||bul||
010 ## - Наследен системен номер
LC control number KNG00186879000
020 ## - Международен стандартен номер на книга ISBN
Международен стандартен номер на книга ISBN 978-954-9425-15-4
040 ## - Източник на каталожния запис
Идентификатор на билиотеката - собственик на записа BLK
041 ## - Код за език
Код за езика на текст/звукозапис или на отделно заглавие Български
Код за езика КДБФ Български
072 #7 - Код за тематичната категория
Код организация bullib
Код за тематична категория Н70
Текст Изкуства Н
080 ## - УДК
Текстов определител УДК Музиканти-творци, композитори
УДК код - определител по УДК 78.071.1
УДК определител (430)(092)
УДК - код + определител 78.071.1(430)(092)
080 ## - УДК
Текстов определител УДК Опера. Музикална драма. Романтична опера. Опера-приказка
УДК код - определител по УДК 782.1
УДК определител (497.2)
УДК - код + определител 782.1(497.2)
080 ## - УДК
Текстов определител УДК Вилхелм Рихард Вагнер (Wilhelm Richard Wagner). Немски композитор, диригент, режисьор и есеист
УДК код - определител по УДК 929 Вагнер, Рихард
УДК - код + определител 929 Вагнер, Рихард
100 1# - Редна дума - Автор
Автор Цветкова, Мариана
Авторска отговорност първи автор
R(LIN) 383505
139 ## - Редно поле
Редна дума Цветкова, Мариана
Авторски знак Ваг - В 13
245 10 - Сведения за заглавието
Заглавие Вагнеровият репертоар и българските оперни певци. Изпълнителски предизвикателства
Редно поле (дума) Мариана Цветкова.
257 ## - Страна на издаване
Страна на създаване/издаване България
260 ## - Област на издателските данни
Име на издателя, разпространителя и проч. Муз. о-во Васил Стефанов
Година на издаване 2015
Печатница София : Скала принт
Място на издаване, разпространение и проч. София
300 ## - Физическа характеристика
Страници 136 с.
Илюстрации и др. с ил., ноти, табл.
Размери/Мащаб 24 см
380 ## - Жанр
Жанр Изкуство
500 ## - Общи забележки
Забележка Библиогр. с. 101-105.
600 14 - Име на лице, използвано като предмет
За него / За нея Вагнер, Рихард
9 (RLIN) 44950
600 14 - Име на лице, използвано като предмет
За него / За нея Вагнер, Рихард
9 (RLIN) 44950
650 #4 - Допълнително описание по предмет – тема
Основно описание – тема или топоним Изпълнителско изкуство
9 (RLIN) 267714
653 ## - Ключова дума – ненормативна
Ключова дума оперна режисура
653 ## - Ключова дума – ненормативна
Ключова дума постановки
653 ## - Ключова дума – ненормативна
Ключова дума Рихард Вагнер
653 ## - Ключова дума – ненормативна
Ключова дума репертоар
659 ## - Тематичен бюлетин
Тематичен бюлетин Н
852 ## - Местоположение
Форматна сигнатура Цб 279789
Фондова буква Хранилище
856 4# - Електронен адрес и достъп
Електронен формат pdf - файл
856 4# - Електронен адрес и достъп
Електронен формат pdf - файл
942 ## - АРТИКУЛИ
Вид на библиотечния материал Книги
Скрит в OPAC Не
944 ## - СЪЗДАВАНЕ И РЕДАКЦИЯ на ЗАПИСА
Създаване/Редакция Създаване
Дата на регистрацията/редакция 07.03.2016
Служител, извършил регистрацията/редакцията
Статус, дата на статуса CRON CRON
944 ## - СЪЗДАВАНЕ И РЕДАКЦИЯ на ЗАПИСА
Създаване/Редакция Редакция
Дата на регистрацията/редакция 06.04.2016
Служител, извършил регистрацията/редакцията Людмила_Стоянова
999 ## - СИСТЕМНИ КОНТРОЛНИ НОМЕРА
Koha biblionumber 178178
Koha biblioitemnumber 178178
999 ## - СИСТЕМНИ КОНТРОЛНИ НОМЕРА
Koha biblioitemnumber 178178
Наличности
Код за отписване Код за изгубен артикул Източник на класификационната схема Код за повреда Коз за рестрикции Код за отдаване Артикулен № Име на библиотеката - собственик Име на библиотеката, в която се намира в момента Статус (Текущо местоположение) Дата на вписване в системата Местоположение - отдел Цена в лева Инвентарен номер Систематично азбучна сигнатура Баркод Номер на екземпляра Цена в евро Служебна бележка Служебен тип на артикула
  Не е изгубен Universal Decimal Classification Не е повреден само за читалня ползва се в читалня 306084 Регионална библиотека "Любен Каравелов" Русе Регионална библиотека "Любен Каравелов" Русе Хранилище 2016-03-08 Хранилище 10.00 120000798573 Цб 279789 120000798573 1 5.11 Дост: Dp Вид: Д N: 6 Дата: 26.01.2016 Книги
  Не е изгубен Universal Decimal Classification Не е повреден без рестрикции заемане за дома 306085 Регионална библиотека "Любен Каравелов" Русе Регионална библиотека "Любен Каравелов" Русе Отдел Изкуство - подръчен фонд 2016-03-24 Отдел Изкуство - подръчен фонд 10.00 120000799140 78.071.1(092)/В 13 120000799140 2 5.11 Дост: DA Вид: А N: 13 Дата: 24.03.2016 Книги
  Не е изгубен Universal Decimal Classification Не е повреден без рестрикции заемане за дома 306086 Регионална библиотека "Любен Каравелов" Русе Регионална библиотека "Любен Каравелов" Русе Отдел Изкуство - подръчен фонд 2016-03-24 Отдел Изкуство - подръчен фонд 10.00 120000799141 78.071.1(092)/В 13 120000799141 3 5.11 Дост: DA Вид: А N: 13 Дата: 24.03.2016 Дата инв: 03.04.2017 Бележки инв: ИП2017 Книги
Vip Innovations Ltd, Rousse, Bulgaria 2025